000 00393nam a2200157Ia 4500
008 210716s1992 xx 000 0 und d
020 _a8170942411
041 _aeng
082 _a332.17 EDWR
100 _aEdwards, Robert D; Magee, John.
245 _aTechnical analysis of stock trends.
250 _a1
260 _aNew Delhi
_bVision Books
_c1992
300 _a624
650 _aFinance
999 _c199352
_d199352